[Event "Potiguar-ch"]
[Site "Natal"]
[Date "2013.10.05"]
[Round "7.12"]
[White "Gomes da Silva, Tales"]
[Black "De Freitas, Eloiza Cristina"]
[Result "1-0"]
[WhiteElo "1822"]
[BlackElo "1763"]
[PlyCount "55"]
[EventDate "2013.09.27"]
[EventType "swiss"]
[EventRounds "9"]
[EventCountry "BRA"]
[SourceTitle "EXT 2015"]
[Source "ChessBase"]
[SourceDate "2014.11.20"]
[SourceVersion "1"]
[SourceVersionDate "2014.11.20"]
[SourceQuality "1"]

1. e4 e5 2. Nf3 Nc6 3. Bc4 Bc5 4. 0-0 d6 5. h3 Nf6 6. c3 Nxe4 7. d4 exd4 8. cxd4 Bb6 9. Bd5 Nf6 10. Bxc6+ bxc6 11. Re1+ Be6 12. Ng5 0-0 13. Rxe6 fxe6 14. Nxe6 Qe7 15. Nxf8 Rxf8 16. Nc3 Nd7 17. Be3 Qe6 18. Qa4 d5 19. Rc1 Rf6 20. Ne2 Nb8 21. b4 a6 22. Qb3 Qc8 23. a4 Qb7 24. b5 Ba5 25. Rb1 cxb5 26. axb5 axb5 27. Qxb5 Rb6 28. Qe8# 1-0